00322nam a2200109Ia 4500082002100000245005500021260005100076300001600127650001400143650002600157700002900183 aRR 920.8622 CON- 0aContemporary who's who of professionals: 2004/2005 aRaleighbAmerican Biographical Institutec2005 alxxiii, 530 aBiography aProfessional employee aC. Mitchell... [et. al.]